Library of the University of Algiers 3
Ibrahim Sultan Cheibout
شعار جامعة الجزائر 3
مكتبة جامعة الجزائر 3
إبراهيم سلطان شيبوط

مبادئ الاقتصاد السياسي : (رقم التسجيلة. 42991)

تفاصيل مارك
000 -LEADER
fixed length control field 01527nam a2200229Ia 4500
003 - CONTROL NUMBER IDENTIFIER
control field Ost
005 - DATE AND TIME OF LATEST TRANSACTION
control field 20260507075114.0
008 - FIXED-LENGTH DATA ELEMENTS--GENERAL INFORMATION
fixed length control field 260507s9999||||xx |||||||||||||| ||und||
020 ## - INTERNATIONAL STANDARD BOOK NUMBER
International Standard Book Number 9961623681
040 ## - CATALOGING SOURCE
Transcribing agency fsecg
041 ## - LANGUAGE CODE
Language code of text/sound track or separate title ara
100 ## - MAIN ENTRY--PERSONAL NAME
Personal name دويدار، محمد
Relator term مؤلف
245 #0 - TITLE STATEMENT
Title مبادئ الاقتصاد السياسي :
Remainder of title الاقتصاد المالي /
Statement of responsibility, etc. محمد دويدار
260 ## - PUBLICATION, DISTRIBUTION, ETC.
Place of publication, distribution, etc. الجزائر:
Name of publisher, distributor, etc. المؤسسة الوطنية للفنون المطبعية,
Date of publication, distribution, etc. 2014
300 ## - PHYSICAL DESCRIPTION
Extent 695 صفحة؛
Other physical details إيضاحات ؛
Dimensions 24 سم
504 ## - BIBLIOGRAPHY, ETC. NOTE
Bibliography, etc. note مراجع ص.685(اقتناءات 2014 01ن)
520 ## - SUMMARY, ETC.
Summary, etc. أدوات السياسة المالية:النظرية العامة للمالية العامة، نظرية الانفاق العام،نظرية الايراد العام:نظرة شاملة، نظرية الايراد العام نظرية الضريبة، نظرية الايراد العام:النظام الضريبي، نظرية الايراد العام نظرية القرض العام، الموازنة العامة للدولة، السياسة المالية، مكان تيارات المالية العامة من تيارات الدخل القومي، السياسات المالية في الاقتصاد الرأسمالي المتقدم، السياسة المالية والاقتصاد المتخلف
653 ## - INDEX TERM--UNCONTROLLED
Uncontrolled term الإقتصاد الرأسمالي
653 ## - INDEX TERM--UNCONTROLLED
Uncontrolled term الإقتصاد السياسي
653 ## - INDEX TERM--UNCONTROLLED
Uncontrolled term السياسة المالية
942 ## - ADDED ENTRY ELEMENTS (KOHA)
Koha item type كتب
المقتنيات
Withdrawn status Lost status Source of classification or shelving scheme Damaged status Not for loan Home library Current library Date acquired Serial enumeration / chronology Inventory number Total checkouts Full call number Barcode Date last seen Price effective from Koha item type
    Dewey Decimal Classification   NOT LOAN / إعارة داخلية مكتبة كلية العلوم الإقتصادية والعلوم التجارية وعلوم التسيير مكتبة كلية العلوم الإقتصادية والعلوم التجارية وعلوم التسيير 07/05/2026 الطابق الأرضي 1599/4/1   أ/1599ج4ن1 1599/4/1 07/05/2026 07/05/2026 كتب
    Dewey Decimal Classification   Available مكتبة كلية العلوم الإقتصادية والعلوم التجارية وعلوم التسيير مكتبة كلية العلوم الإقتصادية والعلوم التجارية وعلوم التسيير 07/05/2026 الطابق الأرضي 27091   أ/1599ج4ن2 27091 07/05/2026 07/05/2026 كتب

موارد الويب المفتوحة


© University of Algiers 3 All Rights Reserved
|
Implemented by LECHELAH Riad